Informatyka Materialy z miedzynarodowego seminarium "Systemy baz danych i tendencje rozwojowe informatyki" Wroclaw 21-22 maja 1986

Na minha lista:
Detalhes bibliográficos
Formato: Livro
Idioma:polonês
Publicado em: Wroclaw Akademia Ekon. 1987
Edição:1. wyd.
Colecção:Prace naukowe Nr.368
Tags: Adicionar Tag
Sem tags, seja o primeiro a adicionar uma tag!

MARC

LEADER 00000nam a2200000 4500
001 c031315
005 20260120132320.0
041 0 |a pol 
044 |a PL 
245 1 0 |a Informatyka  |b Materialy z miedzynarodowego seminarium "Systemy baz danych i tendencje rozwojowe informatyki" Wroclaw 21-22 maja 1986 
250 |a 1. wyd. 
264 1 |a Wroclaw  |b Akademia Ekon.  |c 1987 
300 |a 273 s. 
490 1 |a Prace naukowe  |v Nr.368 
830 0 |a Prace naukowe  |v Nr.368